000 01009nam2a2200253 4500
001 RU\NLR\bibl\434670
005 20250623172856.0
010 _a5-7473-0143-8
_91500
021 _aRU
_b2003-45334
_92167
035 _a(NLR Aleph) 000428485
090 _a739593
_c739593
100 _a20030910d2003 |||y0rusy50 ca
101 0 _arus
102 _aRU
105 _aa |||||||||
200 0 _aЧ. 1
210 _d2003
_aБ. м.
215 _a82 с.
_cил.
461 0 _1001RU\NLR\bibl\437829
_12001#$aТранспортно-грузовые системы$vЧ. 1
_9757886
_aОрлов, А. М. (канд. техн. наук, ж.-д. транспорт)
_cМ.
_d2003
_fА.М. Орлов
_nРГОТУПС
_oУчеб. пособие : [Для студентов спец. "Орг. перевозок и упр. на ж.д. трансп."]
_tТранспортно-грузовые системы
_vЧ. 1
801 0 _aRU
_bNLR
_c20030910
_gPSBO
801 1 _aRU
_bNLR
_c20030910
942 _cBOOK
980 _aNB